[Event "Titled Tuesday intern op 09th Jan Early"]
[Site "Chess.com INT"]
[Date "2024.01.09"]
[Round "8"]
[White "Kruckenhauser, Arthur"]
[Black "Wantiez, Fabrice"]
[Result "0-1"]
[WhiteElo "2350"]
[BlackElo "2228"]
[PlyCount "96"]
[EventDate "2024.01.09"]
[EventType "swiss (blitz)"]
[EventRounds "11"]
[EventCountry "USA"]
[SourceTitle "CB03_2024"]
[SourceDate "2024.01.17"]
[SourceVersion "1"]
[SourceVersionDate "2024.01.17"]
[SourceQuality "1"]

1. d4 Nf6 2. Nf3 g6 3. Nc3 Bg7 4. e4 d6 5. Be3 c6 6. Qd2 b5 7. a3 0-0 8. Bd3 a6 9. 0-0-0 b4 10. axb4 a5 11. b5 cxb5 12. Bxb5 Ba6 13. e5 Ng4 14. h3 Nxe3 15. fxe3 Bxb5 16. Nxb5 Qb6 17. Na3 d5 18. h4 h5 19. Ng5 f6 20. exf6 exf6 21. Nf3 Nc6 22. Rhg1 Rab8 23. c3 Rfc8 24. g4 Nb4 25. Kb1 hxg4 26. Rxg4 Qe6 27. Rdg1 Qf5+ 28. Ka1 Qxf3 29. Rxg6 Rc7 30. Qh2 Rbb7 31. h5 Qxe3 32. h6 Nd3 33. Rxg7+ Rxg7 34. hxg7 Rxg7 35. Qb8+ Kh7 36. Rh1+ Kg6 37. Qh8 Qe2 38. Qb8 Kf5 39. Qc8+ Kf4 40. Qb8+ Kf3 41. Nb1 Rg2 42. Rh3+ Kg4 43. Qc8+ f5 44. Qg8+ Kxh3 45. Qh7+ Kg3 46. Qg7+ Kf2 47. Qb7 Ke1 48. Qb6 Qxb2+ 0-1

[Event "NATO-ch 33rd"]
[Site "Portoroz"]
[Date "2023.09.06"]
[Round "4"]
[White "Parker, Glen D"]
[Black "Wantiez, Fabrice"]
[Result "0-1"]
[WhiteElo "1973"]
[BlackElo "2227"]
[PlyCount "62"]
[EventDate "2023.09.04"]
[EventType "swiss"]
[EventRounds "7"]
[EventCountry "SLO"]
[SourceTitle "EXT 2024"]
[Source "ChessBase"]
[SourceDate "2023.10.10"]
[SourceVersion "1"]
[SourceVersionDate "2023.10.10"]
[SourceQuality "1"]

1. e4 e5 2. Bc4 Nc6 3. Nc3 Bb4 4. Nd5 Nf6 5. c3 Be7 6. d3 d6 7. f4 exf4 8. Bxf4 Ne5 9. Bxe5 dxe5 10. Nf3 c6 11. Nxf6+ Bxf6 12. 0-0 0-0 13. Kh1 Qd6 14. d4 Bg4 15. dxe5 Bxe5 16. Qxd6 Bxd6 17. e5 Be7 18. h3 Bh5 19. Rad1 Rad8 20. Bb3 h6 21. e6 fxe6 22. Bxe6+ Kh8 23. Rxd8 Rxd8 24. Nd4 Bf6 25. Nb3 Re8 26. Bf5 Re2 27. Rb1 Bf7 28. Bd3 Re3 29. Bf5 Bd5 30. Kg1 Re2 31. g4 Bh4 0-1

[Event "NATO-ch 33rd"]
[Site "Portoroz"]
[Date "2023.09.05"]
[Round "3"]
[White "Wantiez, Fabrice"]
[Black "Hernandez, Albert Ryan"]
[Result "1-0"]
[WhiteElo "2227"]
[BlackElo "1997"]
[PlyCount "53"]
[EventDate "2023.09.04"]
[EventType "swiss"]
[EventRounds "7"]
[EventCountry "SLO"]
[SourceTitle "EXT 2024"]
[Source "ChessBase"]
[SourceDate "2023.10.10"]
[SourceVersion "1"]
[SourceVersionDate "2023.10.10"]
[SourceQuality "1"]

1. e4 e6 2. d4 d5 3. Nc3 Nf6 4. exd5 exd5 5. Bd3 Be7 6. Nge2 0-0 7. Bg5 Nbd7 8. Qd2 c6 9. 0-0-0 b5 10. Ng3 Nb6 11. Rde1 Be6 12. Bf5 Bxf5 13. Nxf5 Bb4 14. Bh6 Ne4 15. Rxe4 dxe4 16. Bxg7 Re8 17. Qf4 Re6 18. Be5 Bf8 19. Nxe4 Nd5 20. Qf3 Rg6 21. h4 h6 22. h5 Re6 23. Rh3 Kh7 24. Rg3 Qa5 25. Ne3 Qe1+ 26. Nd1 f6 27. Qf5+ 1-0

[Event "NATO-ch 31st"]
[Site "Blankenberge"]
[Date "2021.10.14"]
[Round "6.3"]
[White "Nikomanis, Andreas"]
[Black "Wantiez, Fabrice"]
[Result "1/2-1/2"]
[WhiteElo "2047"]
[BlackElo "2281"]
[PlyCount "85"]
[EventDate "2021.10.11"]
[EventType "team-swiss"]
[EventRounds "7"]
[EventCountry "BEL"]
[SourceTitle "CBM 204 Extra"]
[Source "ChessBase"]
[SourceDate "2021.11.30"]
[SourceVersion "1"]
[SourceVersionDate "2021.11.30"]
[SourceQuality "1"]
[WhiteTeam "Greece"]
[BlackTeam "Belgium"]
[WhiteTeamCountry "GRE"]
[BlackTeamCountry "BEL"]

1. e4 e5 2. Nf3 Nc6 3. d4 exd4 4. Nxd4 Bb4+ 5. c3 Bc5 6. Nxc6 bxc6 7. Bd3 d6 8. Nd2 Nf6 9. 0-0 0-0 10. b4 Bb6 11. a4 a5 12. Nc4 Re8 13. Nxb6 cxb6 14. Re1 axb4 15. cxb4 Ng4 16. Bf4 Qf6 17. Bg3 h5 18. h4 Ne5 19. Bf1 g6 20. Qc2 c5 21. bxc5 dxc5 22. Bb5 Rd8 23. Qc3 Rd4 24. Rad1 Qd6 25. Rxd4 cxd4 26. Bxe5 Qxe5 27. Qc6 Rb8 28. Qd5 Qxd5 29. exd5 Bf5 30. Rd1 d3 31. Bxd3 Bxd3 32. Rxd3 b5 33. axb5 Rxb5 34. d6 Rb8 35. f3 Kf8 36. g4 hxg4 37. fxg4 Ke8 38. Kf2 Kd7 39. Kg3 Rb4 40. Kf3 f5 41. gxf5 Rxh4 42. fxg6 Rh6 43. g7 1/2-1/2

[Event "Europe Echecs online op April"]
[Site "Europe Echecs INT"]
[Date "2020.04.11"]
[Round "6"]
[White "Medvegy, Zoltan"]
[Black "Wantiez, Fabrice"]
[Result "1/2-1/2"]
[WhiteElo "2535"]
[BlackElo "2226"]
[PlyCount "160"]
[EventDate "2020.04.11"]
[EventType "swiss (blitz)"]
[EventRounds "11"]
[EventCountry "FRA"]
[SourceTitle "EXT 2021"]
[Source "ChessBase"]
[SourceDate "2020.10.23"]
[SourceVersion "1"]
[SourceVersionDate "2020.10.23"]
[SourceQuality "1"]

1. d4 Nf6 2. Nf3 g6 3. Nc3 d5 4. Bf4 c6 5. e3 Bg7 6. Be2 Nbd7 7. Ne5 Nxe5 8. Bxe5 0-0 9. h4 h5 10. 0-0 b5 11. a4 b4 12. Na2 a5 13. Nc1 Ne4 14. Bxg7 Kxg7 15. Bd3 Bf5 16. Nb3 e6 17. g3 g5 18. hxg5 Qxg5 19. Qf3 h4 20. Qf4 hxg3 21. Qxg5+ Nxg5 22. Bxf5 gxf2+ 23. Rxf2 exf5 24. Rxf5 Ne4 25. Rh5 Rfe8 26. Kg2 Re6 27. Rg1 Rg6+ 28. Kh2 Rxg1 29. Kxg1 f6 30. Kg2 Nd6 31. Kf3 Nc4 32. e4 dxe4+ 33. Kxe4 Nxb2 34. Rxa5 Rxa5 35. Nxa5 Nxa4 36. Nxc6 Nc3+ 37. Kd3 Nd5 38. Kc4 Ne3+ 39. Kd3 Nd5 40. Kc4 Ne3+ 41. Kb3 f5 42. Nxb4 f4 43. Nd3 f3 44. Kc3 Ng4 45. Kd2 Kf6 46. c4 Ke6 47. Nf4+ Kd7 48. Nh3 f2 49. Ke2 f1Q+ 50. Kxf1 Ne3+ 51. Ke2 Nxc4 52. Kd3 Nb6 53. Ke4 Kd6 54. Ng5 Nd5 55. Nf7+ Ke6 56. Nd8+ Kd6 57. Nb7+ Kc6 58. Na5+ Kd6 59. Nc4+ Ke6 60. Na5 Kd6 61. Nb7+ Kc6 62. Ke5 Nc3 63. Na5+ Kb6 64. Nc4+ Kc6 65. Nd6 Kd7 66. Nf5 Kc6 67. Ne7+ Kd7 68. Nd5 Nb5 69. Nf6+ Kd8 70. d5 Nc7 71. d6 Nb5 72. d7 Na7 73. Kd5 Nc8 74. Kc6 Ne7+ 75. Kd6 Nf5+ 76. Ke6 Ne7 77. Ne4 Nc6 78. Nc5 Kc7 79. Kf6 Nb8 80. Na6+ Kxd7 1/2-1/2

[Event "EU-Cup 35th"]
[Site "Ulcinj"]
[Date "2019.11.16"]
[Round "7.30"]
[White "Andersen, Soren Mikkel"]
[Black "Wantiez, Fabrice"]
[Result "0-1"]
[WhiteElo "2151"]
[BlackElo "2234"]
[PlyCount "74"]
[EventDate "2019.11.10"]
[EventType "team-swiss"]
[EventRounds "7"]
[EventCountry "MNE"]
[SourceTitle "EXT 2021"]
[Source "ChessBase"]
[SourceDate "2020.10.23"]
[SourceVersion "1"]
[SourceVersionDate "2020.10.23"]
[SourceQuality "1"]
[WhiteTeam "Bronshoj"]
[BlackTeam "Fontaine"]
[WhiteTeamCountry "DEN"]
[BlackTeamCountry "BEL"]

1. d4 Nf6 2. c4 g6 3. Nc3 Bg7 4. e4 d6 5. Nf3 0-0 6. Be2 c6 7. 0-0 a6 8. a4 a5 9. h3 Na6 10. Be3 Qc7 11. Qd2 e5 12. Rfd1 exd4 13. Bxd4 Nc5 14. Qe3 Re8 15. e5 Ncd7 16. exd6 Qxd6 17. Qc1 Nc5 18. Be5 Qe6 19. Rd6 Qe7 20. Qd1 Nfe4 21. Nxe4 Nxe4 22. Bxg7 Qxd6 23. Bh6 Qxd1+ 24. Rxd1 Be6 25. Be3 Red8 26. Rxd8+ Rxd8 27. Bb6 Ra8 28. Nd4 Nf6 29. Nb3 Nd7 30. Bc7 b5 31. Nxa5 Rc8 32. Bd6 bxa4 33. Bb4 Nb6 34. Bc5 Rd8 35. Bf3 Nxc4 36. Nxc6 Rd2 37. Nd4 Rxb2 0-1

[Event "NATO-ch 30th"]
[Site "Berlin"]
[Date "2019.09.19"]
[Round "6.2"]
[White "Wang, Eigen"]
[Black "Wantiez, Fabrice"]
[Result "1/2-1/2"]
[WhiteElo "2193"]
[BlackElo "2225"]
[PlyCount "71"]
[EventDate "2019.09.14"]
[EventType "team-swiss"]
[EventRounds "7"]
[EventCountry "GER"]
[SourceTitle "EXT 2020"]
[Source "ChessBase"]
[SourceDate "2019.10.17"]
[SourceVersion "1"]
[SourceVersionDate "2019.10.17"]
[SourceQuality "1"]
[WhiteTeam "United States"]
[BlackTeam "Belgium"]
[WhiteTeamCountry "USA"]
[BlackTeamCountry "BEL"]

1. e4 e5 2. Nf3 Nc6 3. d4 exd4 4. Nxd4 Bb4+ 5. c3 Bc5 6. Be3 Bb6 7. Nf5 Bxe3 8. Nxe3 d6 9. Bc4 Nf6 10. 0-0 0-0 11. Nd2 Re8 12. Bb3 Nxe4 13. Nxe4 Rxe4 14. Bxf7+ Kh8 15. Qf3 Re5 16. Bb3 Be6 17. Ng4 Bxb3 18. axb3 Re7 19. b4 a6 20. Rfe1 Qe8 21. Re3 Rxe3 22. Nxe3 Rb8 23. Nd5 Ne5 24. Qe4 c6 25. Ne3 d5 26. Qd4 Nd7 27. Re1 Nf6 28. Qf4 Rd8 29. Kf1 Qe4 30. Qxe4 Nxe4 31. f3 Nd6 32. Nc2 Rd7 33. Nd4 Kg8 34. Nb3 Kf7 35. Nc5 Rd8 36. h4 1/2-1/2

[Event "NATO-ch 30th"]
[Site "Berlin"]
[Date "2019.09.16"]
[Round "1.8"]
[White "Wantiez, Fabrice"]
[Black "Drenthen, Arjan"]
[Result "1-0"]
[WhiteElo "2225"]
[BlackElo "1917"]
[PlyCount "125"]
[EventDate "2019.09.14"]
[EventType "team-swiss"]
[EventRounds "7"]
[EventCountry "GER"]
[SourceTitle "EXT 2020"]
[Source "ChessBase"]
[SourceDate "2019.10.17"]
[SourceVersion "1"]
[SourceVersionDate "2019.10.17"]
[SourceQuality "1"]
[WhiteTeam "Belgium"]
[BlackTeam "Netherlands"]
[WhiteTeamCountry "BEL"]
[BlackTeamCountry "NED"]

1. e4 e5 2. Nf3 Nf6 3. d4 Nxe4 4. Bd3 Nc6 5. d5 Nc5 6. dxc6 e4 7. Bc4 exf3 8. Qxf3 Qe7+ 9. Be3 dxc6 10. 0-0 Be6 11. Nd2 Bxc4 12. Nxc4 Qf6 13. Bxc5 Qxf3 14. Rfe1+ Kd8 15. gxf3 Bxc5 16. Ne5 Rf8 17. Rad1+ Bd6 18. c4 c5 19. b4 b6 20. bxc5 bxc5 21. Rd5 Kc8 22. Nd3 Rd8 23. Nxc5 c6 24. Rf5 Bxc5 25. Rxc5 Kc7 26. Rg5 g6 27. Ra5 Kb6 28. Ra4 Rd7 29. Rb1+ Kc5 30. Ra5+ Kd6 31. Kg2 Rad8 32. Kg3 Ke6 33. Rb3 h6 34. Rba3 Ra8 35. Ra6 Kd6 36. c5+ Kxc5 37. Rc3+ Kd6 38. Rcxc6+ Ke7 39. f4 Rg8 40. Kf3 h5 41. Rc5 f6 42. Rcc6 Rf8 43. Re6+ Kd8 44. Rxf6 Rxf6 45. Rxf6 Rg7 46. Kg3 g5 47. f5 Rc7 48. Rg6 Rc3+ 49. Kg2 g4 50. Rg5 Ra3 51. Rxh5 Rxa2 52. Rg5 Ra4 53. Kg3 a5 54. Rg7 Ra1 55. f6 Ke8 56. Re7+ Kf8 57. Ra7 Ra2 58. Kf4 Rxf2+ 59. Kg5 Rxh2 60. Kg6 Re2 61. Ra8+ Re8 62. Rxe8+ Kxe8 63. Kg7 1-0

[Event "FICGS class M 000016 email"]
[Site "FICGS email"]
[Date "2018.02.23"]
[Round "1"]
[White "Wosch, Arkadiusz Janusz"]
[Black "Wantiez, Fabrice"]
[Result "1-0"]
[WhiteElo "2303"]
[BlackElo "2310"]
[PlyCount "43"]
[EventDate "2018.??.??"]
[EventType "tourn (corr)"]
[EventRounds "1"]
[SourceTitle "Corr 2022"]
[Source "ChessBase"]
[SourceDate "2021.10.24"]
[SourceVersion "1"]
[SourceVersionDate "2021.10.24"]
[SourceQuality "1"]

1. d4 Nf6 2. c4 g6 3. Nc3 d5 4. cxd5 Nxd5 5. e4 Nxc3 6. bxc3 Bg7 7. Nf3 c5 8. Rb1 0-0 9. Be2 cxd4 10. cxd4 Qa5+ 11. Bd2 Qxa2 12. 0-0 Nd7 13. Bb4 Nb6 14. Ra1 Qe6 15. Qd3 Rd8 16. Rfc1 Bd7 17. Rc7 Bc6 18. Rxe7 Qc8 19. Qb3 Be8 20. Ng5 Rxd4 21. Nxf7 Nc4 22. Nd6 1-0

[Event "BEL-chT 1718"]
[Site "Belgium"]
[Date "2017.12.03"]
[Round "5.6"]
[White "Wantiez, Fabrice"]
[Black "Beukema, Jasper"]
[Result "0-1"]
[WhiteElo "2224"]
[BlackElo "2219"]
[PlyCount "208"]
[EventDate "2017.09.24"]
[EventType "team-tourn"]
[EventRounds "11"]
[EventCountry "BEL"]
[SourceTitle "CBM 181 Extra"]
[Source "ChessBase"]
[SourceDate "2017.12.12"]
[SourceVersion "1"]
[SourceVersionDate "2017.12.12"]
[SourceQuality "1"]
[WhiteTeam "Fontaine"]
[BlackTeam "Brasschaat"]
[WhiteTeamCountry "BEL"]
[BlackTeamCountry "BEL"]

1. e4 e5 2. Nf3 Nc6 3. b3 Nf6 4. Bb2 d6 5. d4 Bg4 6. Bb5 exd4 7. Qxd4 Be7 8. Nbd2 0-0 9. Bxc6 bxc6 10. 0-0 c5 11. Qc3 Nh5 12. Rfe1 Re8 13. e5 d5 14. h3 Be6 15. Rad1 Qc8 16. Nh2 Nf4 17. Qg3 Ng6 18. Ndf3 c6 19. h4 h5 20. Ng5 a5 21. f4 Bf5 22. Rd2 a4 23. Nhf3 axb3 24. axb3 Ra2 25. Ba1 Qa6 26. e6 f6 27. Bc3 fxg5 28. fxg5 d4 29. Bxd4 cxd4 30. Nxd4 Bc5 31. Kh1 Bxd4 32. Rxd4 Ra1 33. Rd7 Rxe6 34. Rxg7+ Kxg7 35. Qc3+ Kf7 36. Rxa1 Qb6 37. Qf3 Re5 38. Qxh5 Qd4 39. Qh7+ Kf8 40. Rf1 Qd6 41. h5 Nh4 42. g6 Qf6 43. Rd1 Rd5 44. Re1 Nf3 45. Qh6+ Qg7 46. Qxg7+ Kxg7 47. gxf3 Bxc2 48. Re7+ Kf6 49. Rf7+ Ke6 50. Rh7 Bxb3 51. Kg2 Rg5+ 52. Kf2 Kf6 53. f4 Rg4 54. Ke3 Bd5 55. Rh8 Rg3+ 56. Kd4 Rf3 57. Rf8+ Kg7 58. Rf5 Kh6 59. Rf8 Kg7 60. Rf5 Rf1 61. Ke5 Re1+ 62. Kd6 Re6+ 63. Kc5 Re4 64. Kd6 Re6+ 65. Kc5 Re8 66. Re5 Rh8 67. Rg5 Rf8 68. Rg4 Kh6 69. Kd6 Kxh5 70. Rg1 Rxf4 71. g7 Rf6+ 72. Kc5 Bg8 73. Rd1 Rf7 74. Kxc6 Kg6 75. Rg1+ Kh6 76. Kd6 Rf2 77. Ke7 Kh7 78. Rg3 Bf7 79. Rg1 Kg8 80. Rg3 Ra2 81. Rg1 Ra6 82. Rg3 Bg6 83. Rg1 Kxg7 84. Rg3 Ra1 85. Rg2 Re1+ 86. Kd6 Kf6 87. Rf2+ Bf5 88. Kd5 Rd1+ 89. Kc4 Ke5 90. Kc3 Rc1+ 91. Kb2 Rc8 92. Kb3 Be4 93. Kb4 Kd4 94. Rh2 Rb8+ 95. Ka5 Kc5 96. Ka4 Bd5 97. Rc2+ Bc4 98. Ka3 Rb1 99. Rc3 Kd4 100. Rg3 Bd3 101. Ka4 Kc3 102. Ka5 Rb5+ 103. Ka4 Rh5 104. Rf3 Rh6 0-1

[Event "BEL-chT 1718"]
[Site "Belgium"]
[Date "2017.11.19"]
[Round "4.7"]
[White "Wantiez, Fabrice"]
[Black "De Gueldre, Philippe"]
[Result "0-1"]
[WhiteElo "2224"]
[BlackElo "2200"]
[PlyCount "72"]
[EventDate "2017.09.24"]
[EventType "team-tourn"]
[EventRounds "11"]
[EventCountry "BEL"]
[SourceTitle "EXT 2019"]
[Source "ChessBase"]
[SourceDate "2018.10.10"]
[SourceVersion "1"]
[SourceVersionDate "2018.10.10"]
[SourceQuality "1"]
[WhiteTeam "Fontaine"]
[BlackTeam "Liege Crelel"]
[WhiteTeamCountry "BEL"]
[BlackTeamCountry "BEL"]

1. e4 e5 2. Nf3 Nc6 3. Bb5 a6 4. Ba4 Nf6 5. 0-0 b5 6. Bb3 Bc5 7. d3 d6 8. c3 0-0 9. a4 Rb8 10. axb5 axb5 11. d4 Bb6 12. Na3 exd4 13. cxd4 Bg4 14. Nxb5 Bxf3 15. Qxf3 Nxd4 16. Nxd4 Bxd4 17. Qd3 c5 18. Rb1 Qb6 19. Bc2 Rfe8 20. Qf3 Qb7 21. Bf4 Nxe4 22. Rbe1 Nf6 23. Rxe8+ Nxe8 24. Qd3 g6 25. b4 Qxb4 26. h4 Qc3 27. Qe2 Nf6 28. Bxd6 Re8 29. Qd3 c4 30. Qxc3 Bxc3 31. Bf4 Nd5 32. Bd6 Bb4 33. Ba4 Rc8 34. Rd1 Nc3 35. Bxb4 Nxd1 36. Bxd1 Rb8 0-1

[Event "NATO-ch 28th"]
[Site "Budapest"]
[Date "2017.03.30"]
[Round "5"]
[White "Nilsson, Erik"]
[Black "Wantiez, Fabrice"]
[Result "1/2-1/2"]
[WhiteElo "2052"]
[BlackElo "2265"]
[PlyCount "33"]
[EventDate "2017.03.27"]
[EventType "swiss"]
[EventRounds "7"]
[EventCountry "HUN"]
[SourceTitle "CBM 177 Extra"]
[Source "ChessBase"]
[SourceDate "2017.04.27"]
[SourceVersion "1"]
[SourceVersionDate "2017.04.27"]
[SourceQuality "1"]

1. d4 Nf6 2. c4 g6 3. Nc3 d5 4. Nf3 Bg7 5. Bf4 0-0 6. Rc1 c6 7. e3 Be6 8. Qb3 dxc4 9. Bxc4 Bxc4 10. Qxc4 Nbd7 11. h3 Nb6 12. Qc5 Nfd7 13. Qa3 Re8 14. 0-0 e5 15. dxe5 Nxe5 16. Nxe5 Bxe5 17. Rfd1 1/2-1/2

[Event "NATO-ch 28th"]
[Site "Budapest"]
[Date "2017.03.30"]
[Round "6"]
[White "Wantiez, Fabrice"]
[Black "Cichy, Kamil"]
[Result "1-0"]
[WhiteElo "2265"]
[BlackElo "2052"]
[PlyCount "43"]
[EventDate "2017.03.27"]
[EventType "swiss"]
[EventRounds "7"]
[EventCountry "HUN"]
[SourceTitle "CBM 177 Extra"]
[Source "ChessBase"]
[SourceDate "2017.04.27"]
[SourceVersion "1"]
[SourceVersionDate "2017.04.27"]
[SourceQuality "1"]

1. e4 c5 2. Nf3 d6 3. d4 cxd4 4. Nxd4 Nf6 5. Nc3 Nc6 6. Bg5 Qb6 7. Be3 Qxb2 8. Ndb5 Qb4 9. Bd2 Nxe4 10. a3 Nxc3 11. axb4 Nxd1 12. Nc7+ Kd8 13. Nxa8 Nb2 14. Bc3 d5 15. b5 d4 16. Bxb2 Nb4 17. Rxa7 e5 18. Nb6 Bf5 19. c3 Nc2+ 20. Kd2 g6 21. Bd3 dxc3+ 22. Bxc3 1-0

[Event "Gibraltar Masters 15th"]
[Site "Caleta"]
[Date "2017.01.31"]
[Round "8"]
[White "Skou, Niels"]
[Black "Wantiez, Fabrice"]
[Result "0-1"]
[WhiteElo "2025"]
[BlackElo "2312"]
[PlyCount "100"]
[EventDate "2017.01.24"]
[EventType "swiss"]
[EventRounds "10"]
[EventCountry "GGB"]
[SourceTitle "CBM 177"]
[Source "ChessBase"]
[SourceDate "2017.03.16"]
[SourceVersion "1"]
[SourceVersionDate "2017.03.16"]
[SourceQuality "1"]

1. e4 e5 2. Nf3 Nc6 3. Bb5 a6 4. Ba4 d6 5. d4 b5 6. Bb3 Nxd4 7. Nxd4 exd4 8. Bd5 Rb8 9. Qxd4 Ne7 10. Bg5 f6 11. Bf4 Nxd5 12. exd5 Qe7+ 13. Kd2 Qd8 14. Nc3 Be7 15. Rae1 0-0 16. Kc1 a5 17. Re3 b4 18. Nd1 f5 19. Rhe1 Bf6 20. Qc4 a4 21. Kb1 g5 22. Rg3 Kh8 23. Bd2 f4 24. Rf3 Bg4 25. Rd3 Bf5 26. Rf3 Re8 27. Bxb4 Rxe1 28. Bxe1 Bg4 29. Rd3 Be2 30. Qxa4 Bxd3 31. cxd3 Qe7 32. Qe4 Qf7 33. Bc3 Bxc3 34. Nxc3 Re8 35. Qd4+ Qg7 36. Qxg7+ Kxg7 37. a4 Kf6 38. d4 Re1+ 39. Kc2 Ke7 40. b4 Rh1 41. a5 Kd7 42. a6 Kc8 43. h3 Rh2 44. b5 Rxg2 45. Ne4 Kb8 46. Kd3 h6 47. b6 cxb6 48. Nxd6 Rxf2 49. Nb5 Ra2 50. d6 Kc8 0-1